Nelayan dan raksasa

Bibliographic Details
Format: Book
Published: Selangor : Kiddibird , 2006
Series:Siri cerita musafir
Subjects:

MARC

LEADER 00000cam a2200000 7i4500
001 0000001344
005 20151222.0
008 070704
020 |a 9833510191 
020 |a 9833538363(set) 
090 0 0 |a JF   |b FT MAL (1467) 
090 0 0 |a The prince and his promise   |c Fatiqa Oky and P.L Ooi 
245 1 0 |a Nelayan dan raksasa 
260 |a Selangor :   |b Kiddibird ,   |c 2006 
440 |a Siri cerita musafir 
500 |a Children ages 7-9 years old (orange) 
650 0 |a Fiction 
650 0 |a Judul 
650 0 |a Siri 
650 0 |a Tales 
999 |a 0000955529   |b Book   |c Children Collection   |e Perbadanan Perpustakaan Awam Johor 
999 |a 0000955531   |b Book   |c Children Collection   |e Perbadanan Perpustakaan Awam Johor 
999 |a 0000955532   |b Book   |c Children Collection   |e Perbadanan Perpustakaan Awam Johor